Statistics for Countries Smaller Than Rhode Island

Click here to take the quiz!

General Stats

  • This quiz has been taken 25 times
  • The average score is 22 of 29

Answer Stats

Sq KmAnswer% Correct
0.49Vatican City
100%
2Monaco
96%
160Liechtenstein
92%
61San Marino
92%
468Andorra
88%
26Tuvalu
88%
459Palau
83%
261Saint Kitts and Nevis
83%
2,586Luxembourg
79%
2,842Samoa
79%
964São Tomé and Principe
79%
452Seychelles
79%
442Antigua and Barbuda
75%
811Kiribati
75%
300Maldives
75%
181Marshall Islands
75%
2,040Mauritius
75%
430Barbados
71%
751Dominica
71%
344Grenada
71%
702Micronesia
71%
21Nauru
71%
616Saint Lucia
71%
747Tonga
71%
389Saint Vincent and the Grenadines
67%
765Bahrain
63%
316Malta
63%
710Singapore
63%
1,862Comoros
58%

Score Distribution

Percentile by Number Answered

Percent of People with Each Score

Your Score History

You have not taken this quiz